Sports Quiz

Random Sports or Soccer Quiz

England's 'S' Surname Football Internationals Quiz Stats

 Plays Quiz not verified by Sporcle

Score 0/59 Timer 10:00
0 Plays Today
Years and clubs while an international England 'S' players % Correct
1992-2000 (Southampton, Blackburn, Newcastle)Alan Shearer
93.8%
2001-2007 (Leeds, Man United, Newcastle)Alan Smith
91.8%
1988-1992 (Arsenal)Alan Smith
91.8%
1960-1963 (Tottenham)Bobby Smith
91.6%
1971 (Liverpool)Tommy Smith
91.5%
1950-1953 (Arsenal)Lionel Smith
91.3%
1959 (Birmingham)Trevor Smith
91.3%
2014-2018 (Southampton, Man United)Luke Shaw
89.7%
1958-1962 (Sheffield Utd)Graham Shaw
89.2%
1993-2002 (Tottenham, Man United)Teddy Sheringham
88.7%
2012-2018 (Liverpool. Man City)Raheem Sterling
85.7%
1970-1990 (Leicester, Stoke, N Forest, Southampton, Derby)Peter Shilton
85.6%
1997-2004 (Man United)Paul Scholes
83.9%
1988-2002 (QPR, Arsenal)David Seaman
83.8%
2011-2017 (Chelsea, Liverpool)Daniel Sturridge
82.3%
1985-1992 (Everton, Rangers, Marseille)Trevor Steven
81.1%
1995-1996 (Nottingham Forest)Steve Stone
80%
1984-1986 (Tottenham)Gary Stevens
79.8%
1985-1992 (Everton, Rangers)Gary Stevens
79.8%
2011-2017 (Man United)Chris Smalling
77.9%
1995-2004 (Aston Villa, Middlesbrough)Gareth Southgate
76.2%
2014-2018 (Everton, Man City)John Stones
75.2%
2012-2015 (Liverpool, Swansea)Jonjo Shelvey
73.4%
1979-1988 (Crystal Palace, Arsenal)Kenny Sansom
72.5%
2012 (Stoke)Ryan Shawcross
71%
2001-2003 (West Ham, Man City)Trevor Sinclair
62.6%
1997 (Blackburn)Chris Sutton
60.3%
2018 (Borussia Dortmund)Jadon Sancho
58.3%
1991-1993 (Man United)Lee Sharpe
55.1%
1965-1970 (Man United)Nobby Stiles
50.7%
Years and clubs while an international England 'S' players % Correct
1991-1993 (QPR)Andy Sinton
49.7%
2007 (Reading)Nicky Shorey
45.4%
1991-1992 (Tottenham)Paul Stewart
44.9%
1999 (Tottenham)Tim Sherwood
44.4%
1971-1973 (Arsenal)Peter Storey
39%
1968 (Man United)Alex Stepney
38.9%
1995 (Liverpool)John Scales
38%
1984 (Luton)Brian Stein
37.2%
1991 (Crystal Palace)John Salako
35.4%
1980 (Arsenal)Alan Sunderland
34.4%
1968-1973 (Man City)Mike Summerbee
33.3%
1967-1970 (Man United)David Sadler
31.3%
2017 (Liverpool)Dominic Solanke
31.2%
1983 (Aston Villa)Nigel Spink
27.4%
1959-1966 (Sheffield Wed)Ron Springett
25.9%
1960-1962 (Sheffield Wed)Peter Swan
25.9%
1970 (Nottingham Forest)Ian Storey-Moore
23.1%
1988 (Sheffield Wed)Mel Sterland
22.5%
1946-1948 (Arsenal)Laurie Scott
22.3%
1983 (West Brom)Derek Statham
22.1%
1946-1949 (Man City)Frank Swift
20.2%
1954-1960 (Wolves)Bill Slater
13.6%
1955 (Chelsea)Peter Sillett
13.3%
1963 (Chelsea)Ken Shellito
13.1%
1948-1954 (Sunderland)Len Shackleton
12.5%
1954 (Huddersfield)Ron Staniforth
4.9%
1951-1954 (Sheffield Wed)Jackie Sewell
4.8%
1949 (Blackpool)Eddie Shimwell
2.6%
1949 (Luton)Bernard Streten
1.8%

You're not logged in!

Compare scores with friends on all Sporcle quizzes.
OR
Log In

You Might Also Like...

Show Comments

Extras

Top Quizzes Today


Score Distribution

Your Account Isn't Verified!

In order to create a playlist on Sporcle, you need to verify the email address you used during registration. Go to your Sporcle Settings to finish the process.

Report this User

Report this user for behavior that violates our Community Guidelines.

Details: